Central Library OPAC University of Rajshahi

সাহিত্যে সাম্যবাদ থেকে মুক্তিযুদ্ধ / (Record no. 47505)

MARC details
000 -LEADER
fixed length control field 00873nam a2200229 a 4500
001 - CONTROL NUMBER
control field 47505
003 - CONTROL NUMBER IDENTIFIER
rucl marc code BD-RjUL
005 - DATE AND TIME OF LATEST TRANSACTION
control field 20211209054330.0
008 - FIXED-LENGTH DATA ELEMENTS--GENERAL INFORMATION
fixed length control field 160809s1999 bg ||||| |||| 00| 0 ben d
020 ## - INTERNATIONAL STANDARD BOOK NUMBER
International Standard Book Number 9848005129
Terms of availability : Tk. 150.00
035 ## - SYSTEM CONTROL NUMBER
System control number (BD-RjUL)47624
040 ## - CATALOGING SOURCE
Original cataloging agency BD-RjUL
Language of cataloging ben
Transcribing agency BD-RjUL
041 ## - LANGUAGE CODE
Language code of text/sound track or separate title ben
082 ## - DEWEY DECIMAL CLASSIFICATION NUMBER
Edition number 23
Classification number 891.4409
Author mark and year MAS 1999
100 1# - MAIN ENTRY--PERSONAL NAME
Personal name মাহমুদ, অনীক
9 (RLIN) 119322
245 1# - TITLE STATEMENT
Title সাহিত্যে সাম্যবাদ থেকে মুক্তিযুদ্ধ /
260 ## - PUBLICATION, DISTRIBUTION, ETC. (IMPRINT)
Place of publication, distribution, etc. ঢাকা :
Name of publisher, distributor, etc. আফসার ব্রাদার্স,
Date of publication, distribution, etc. ১৯৯৯
300 ## - PHYSICAL DESCRIPTION
Pagination ২৩১ পৃ. ;
Size ২২ সেমি.
650 ## - SUBJECT ADDED ENTRY--TOPICAL TERM
Topical term or geographic name as entry element বাংলা সাহিত্য
Form subdivision ইতিহাস ও সমালোচনা
9 (RLIN) 117445
Topical term or geographic name as entry element Bengali Literature
Form subdivision History and Criticism
9 (RLIN) 144437
942 ## - ADDED ENTRY ELEMENTS (KOHA)
Source of classification or shelving scheme Dewey Decimal Classification
Koha item type Books
Holdings
Lost status Source of classification or shelving scheme Damaged status Not for loan Collection code Permanent Location Current Location Shelving location Date acquired Source of acquisition Cost, normal purchase price Total Checkouts Full call number Date last seen Copy number Koha item type Total Renewals Date checked out
  Dewey Decimal Classification     Non-fiction Central Library, University of Rajshahi Central Library, University of Rajshahi   17/09/2000 Dept. of Bangla, RU. 150.00   B 891.4409 MAS 1999 09/08/2016 C-2 Books    
  Dewey Decimal Classification     Non-fiction Central Library, University of Rajshahi Central Library, University of Rajshahi   17/09/2000 Dept. of Bangla, RU. 150.00   B 891.4409 MAS 1999 09/08/2016 C-3 Books    
  Dewey Decimal Classification     Non-fiction Central Library, University of Rajshahi Central Library, University of Rajshahi   17/09/2000 Dept. of Bangla, RU. 150.00 1 B 891.4409 MAS 1999 01/01/2020 C-4 Books 1 22/12/2019
  Dewey Decimal Classification     Non-fiction Central Library, University of Rajshahi Central Library, University of Rajshahi   17/09/2000 Dept. of Bangla, RU. 150.00   B 891.4409 MAS 1999 09/08/2016 C-5 Books    
  Dewey Decimal Classification     Non-fiction Central Library, University of Rajshahi Central Library, University of Rajshahi   17/09/2000 Dept. of Bangla, RU. 150.00 1 B 891.4409 MAS 1999 21/08/2017 C-6 Books   13/08/2017
  Dewey Decimal Classification   Not For Loan Non-fiction Central Library, University of Rajshahi Central Library, University of Rajshahi Reading Room 16/09/2000 Bangla Department, RU 150.00   B 891.4409 MAS 1999 31/01/2017 C-1 Books    
  Dewey Decimal Classification     Non-fiction Central Library, University of Rajshahi Central Library, University of Rajshahi   16/09/2000 Bangla Dept. R.U. 140.00   B 891.4409 MAS 1999 26/02/2017 C-7 Books